Intercalation processes and their application to metal-phosphonate intercalation chemistry : teze disertace k získání vědeckého titulu "doktor věd" ve skupině chemických věd /

Hlavní autor: Zima, Vítězslav
Korporativní autor: Akademie věd České republiky. Komise pro obhajoby doktorských disertací v oboru Anorganická chemie
Jazyk: Angličtina
Vydáno: [Praha] : Akademie věd České republiky, [2016]
Témata:
Fyzický popis: 48 stran : ilustrace (převážně barevné) ; 21 cm
Knihy
Uloženo v:
LEADER 01718nam a2200409 i 4500
001 001590181
003 CZ BrMZK
005 20171003062847.0
007 ta
008 170814s2016 xr a f m 000 0 eng
020 |q (Brožováno) 
040 |a BOA001  |b cze  |e rda 
072 7 |a 54  |x Chemie. Mineralogické vědy  |2 Konspekt  |9 10 
080 |a 54-3-024.63  |2 MRF 
080 |a 542.9  |2 MRF 
080 |a (043.3)  |2 MRF 
080 |a (048.3)  |2 MRF 
100 1 |a Zima, Vítězslav  |4 aut 
245 1 0 |a Intercalation processes and their application to metal-phosphonate intercalation chemistry :  |b teze disertace k získání vědeckého titulu "doktor věd" ve skupině chemických věd /  |c Vítězslav Zima 
264 1 |a [Praha] :  |b Akademie věd České republiky,  |c [2016] 
300 |a 48 stran :  |b ilustrace (převážně barevné) ;  |c 21 cm 
336 |a text  |b txt  |2 rdacontent 
337 |a bez média  |b n  |2 rdamedia 
338 |a svazek  |b nc  |2 rdacarrier 
500 |a Název z obálky 
500 |a Pod názvem: Komise pro obhajoby doktorských disertací v oboru Anorganická chemie 
502 |a Teze disertace (DSc.)--Akademie věd České republiky, 2016 
504 |a Obsahuje bibliografii a bibliografické odkazy 
650 0 7 |a interkalační sloučeniny  |7 ph650058  |2 czenas 
650 0 7 |a chemické procesy  |7 ph119149  |2 czenas 
655 7 |a disertace  |7 fd132024  |2 czenas 
655 7 |a teze  |7 fd133701  |2 czenas 
710 2 |a Akademie věd České republiky.  |b Komise pro obhajoby doktorských disertací v oboru Anorganická chemie  |4 oth 
910 |a BOA001  |b 2-1395.050 
990 |a BK 
991 |b 201709  |c NOV 
996 6 |b 2610718322  |c 2-1395.050  |l MZK  |r Sklad / do 1 hodiny  |n 0  |p p.v.  |w 001629964  |u 000010  |a 1  |e BOA001  |j MZK50  |s P